FINNEAS'S Songs - Statistics

General Stats
  • This quiz has been taken 221 times
    163 since last reset
  • The average score is 24 of 52
Answer Stats
Hint Answer % Correct
FCOL For Cryin' Out Loud
78%
FCOL Starfucker
78%
FCOL Family Feud
75%
FCOL Cleats
74%
FCOL Lotus Eater
74%
Single (feat. Ashe) Till Forever Falls Apart
74%
FCOL 2001
72%
Blood Harmony Break My Heart Again
67%
Blood Harmony I Lost A Friend
64%
Optimist A Concert Six Months From Now
63%
FCOL Little Window
63%
Single Mona Lisa, Mona Lisa
62%
FCOL Sweet Cherries
62%
Optimist The Kids Are All Dying
61%
FCOL What's It Gonna Take To Break Your Heart
55%
Blood Harmony Let's Fall In Love For The Night
54%
Blood Harmony Partners In Crime
54%
Optimist Around My Neck
51%
Single Claudia
51%
FCOL Same Old Story
50%
Blood Harmony Shelter
49%
Single Angel
47%
Blood Harmony Die Alone
47%
Optimist The 90s
47%
Optimist Happy Now?
46%
Optimist Love is Pain
46%
Blood Harmony Lost My Mind
45%
Optimist Hurt Locker
43%
Optimist Medieval
43%
Optimist What They'll Say About Us
43%
Optimist Only A Lifetime
42%
Blood Harmony I Don't Miss You At All
41%
Optimist Peaches Etude
41%
Single American Cliche
39%
Single (feat. Lizzy McAlpine) hate to be lame
39%
Single Naked
38%
Optimist Someone Else's Star
37%
Optimist How It Ends
34%
Single Can't Wait To Be Dead
32%
Single I'm in Love Without You
32%
Single Luck Pusher
32%
Single Hollywood Forever
29%
Single Landmine
29%
Single New Girl
26%
Single College
25%
Single Life Moves On
24%
Single Another Year
22%
Single Heaven
18%
Single Where the Poison is
18%
Optimist The Fool On The Hill
17%
Single Flume
13%
Single Evermore
11%
No matching quizzes found
Score Distribution
Percent of People with Each Score
Percentile by Number Answered
Your Score History
You have not taken this quiz since the last reset